U.S. States with the lowest percent church attendance - Statistics

General Stats
  • This quiz has been taken 136 times
  • The average score is 8 of 10
Answer Stats
Percentage Answer % Correct
20% Maine
95%
24% Washington
93%
24% Oregon
92%
17% Vermont
90%
25% Hawaii
89%
20% New Hampshire
86%
26% Alaska
85%
25% Connecticut
79%
22% Massachusetts
78%
25% Colorado
64%
No matching quizzes found
Score Distribution
Percent of People with Each Score
Percentile by Number Answered
Your Score History
You have not taken this quiz